Nombres ingleses que no tienen ni A ni O - Estadísticas

Estadísticas generales
  • Esta prueba ha sido intentada 30 veces
    29 desde el último reinicio
  • La puntuación promedio es 15 de 70
Estadísticas de respuestas
Respuesta % Correcto
Peter
68%
Henry
59%
Michelle
55%
Fred
50%
Billie
45%
Jennifer
45%
Emily
41%
Eve
41%
Hellen
41%
Kimberly
41%
Luke
41%
Eugene
36%
Jules
36%
Kevin
36%
Meredith
36%
Tim
36%
Kristen
32%
Stephen
32%
Justin
27%
Kennedy
27%
Lilith
27%
Miley
27%
Ellie
23%
Erick
23%
Gwen
23%
Hugh
23%
Jeremy
23%
Jerry
23%
Philips
23%
Tedd
23%
Tyler
23%
Derek
18%
Kelly
18%
Kiley
18%
Riley
18%
Wendy
18%
Brigitte
14%
Elvis
14%
Evelyn
14%
Gretel
14%
Judith
14%
Lewis
14%
Neil
14%
Spencer
14%
Bree
9%
Britney
9%
Clint
9%
Clyde
9%
Denise
9%
Destiny
9%
Dustin
9%
Ernest
9%
Giselle
9%
Kurt
9%
Meryl
9%
Pierce
9%
Russell
9%
Skyler
9%
Ulrich
9%
Chuck
5%
Cliff
5%
Deuce
5%
Dewey
5%
Dexter
5%
Henning
5%
Jeffrey
5%
Lynette
5%
Nelly
5%
Piper
5%
Gunter
0%
No se encontraron pruebas coincidentes
Distribución de puntuación
Porcentaje de gente con cada puntuación
Porcentaje por número respondido
Historial de tus puntuaciones
No has intentado esta prueba desde el último reinicio